Business Schools in dem USA Mythen und Fakten

Salvato in:
Dettagli Bibliografici
Autore principale: Pieper, Rüdiger
Natura: Libro
Lingua:tedesco
Pubblicazione: Berlin Gruyter 1989
Edizione:1. Aufl.
Tags: Aggiungi Tag
Nessun Tag, puoi essere il primo ad aggiungerne!!

MARC

LEADER 00000nam a2200000 4500
001 c033166
005 20221215124237.4
041 0 |a ger 
044 |a DE 
245 1 0 |a Business Schools in dem USA  |b Mythen und Fakten  |c Rüdiger Pieper 
250 |a 1. Aufl. 
264 1 |a Berlin  |b Gruyter  |c 1989 
300 |a 152 s. 
100 1 |a Pieper, Rüdiger